Marketing research: Meaning, measurement, and method: A textbook with cases (Record no. 25563)

MARC details
000 -LEADER
fixed length control field 00357nam a2200121Ia 4500
082 ## - DEWEY DECIMAL CLASSIFICATION NUMBER
Classification number 339.138:001.814
Item number TUL
100 ## - MAIN ENTRY--AUTHOR NAME
Personal name Hawkins, Del
245 #0 - TITLE STATEMENT
Title Marketing research: Meaning, measurement, and method: A textbook with cases
260 ## - PUBLICATION, DISTRIBUTION, ETC. (IMPRINT)
Place of publication London
Name of publisher Macmillan
Year of publication 1976
700 ## - ADDED ENTRY--PERSONAL NAME
Personal name Tull, Donald S
942 ## - ADDED ENTRY ELEMENTS (KOHA)
Koha item type Books
Holdings
Withdrawn status Lost status Damaged status Not for loan Home library Current library Date acquired Cost, normal purchase price Full call number Accession Number Koha item type
        RRII Library RRII Library 16/12/2021 5.60 339.138:001.814 TUL 06219 Books